Miasta z klubem żużlowym występującym w Polsce - Statystyki

Ogólne statystyki
  • Ten quiz został rozwiązany 64 razy
  • Średni wynik to 23 z 38
Statystyki odpowiedzi
Odpowiedź % Poprawnych
Gorzów Wielkopolski
100%
Lublin
96%
Wrocław
96%
Zielona Góra
96%
Gdańsk
94%
Toruń
94%
Bydgoszcz
93%
Rzeszów
93%
Częstochowa
91%
Warszawa
91%
Kraków
89%
Poznań
87%
Tarnów
87%
Grudziądz
85%
Leszno
83%
Łódź
83%
Opole
83%
Rybnik
81%
Piła
78%
Krosno
70%
Katowice
65%
Ostrów Wielkopolski
63%
Gniezno
52%
Gdynia
50%
Świętochłowice
48%
Rawicz
41%
Bytom
30%
Lwów
22%
Landshut
20%
Dyneburg
19%
Równe
15%
Miszkolc
13%
Praga
13%
Machowa
9%
Śrem
9%
Wittstock
9%
Czeladź
6%
Chodzież
0%
Nie znaleziono quizów pasujących do podanych kryteriów
Rozkład punktacji
Procent ludzi z każdym wynikiem
Percentyl według liczby udzielonych odpowiedzi
Twoja historia wyników
Nie rozwiązałeś tego quizu